[Event "Bent Larsen Memorial"]
[Site "SchemingMind.com"]
[Date "2010.11.16"]
[Round "-"]
[White "baron1"]
[Black "krysto"]
[Result "1-0"]
[WhiteCountry "ENG"]
[BlackCountry "MEX"]
[WhiteElo "2430"]
[WhiteRD "89"]
[BlackElo "1762"]
[BlackRD "100"]
[GameID "267097"]

1. c4 e6 2. d4 d5 3. Nc3 Nf6 4. cxd5 exd5 5. Bg5 Be7 6. e3 O-O 7. Bd3 h6 8. Bh4 Nh7 9. Bxe7 Qxe7 10. Nxd5 Qg5
11. Nf4 Re8 12. Nge2 Bg4 13. O-O Nc6 14. Qb3 Na5 15. Qa4 b6 16. b4 Nb7 17. f3 Bf5 18. e4 Bg6 19. Rac1 Rec8 20. Ba6 Rab8
21. Qc6 Nd8 22. Qe8+
1-0

[Event "Bent Larsen Memorial"]
[Site "SchemingMind.com"]
[Date "2010.11.16"]
[Round "-"]
[White "krysto"]
[Black "baron1"]
[Result "0-1"]
[WhiteCountry "MEX"]
[BlackCountry "ENG"]
[WhiteElo "1779"]
[WhiteRD "107"]
[BlackElo "2438"]
[BlackRD "88"]
[GameID "267104"]

1. e4 c6 2. d4 d5 3. Nc3 dxe4 4. Nxe4 Bf5 5. Ng3 Bg6 6. h4 h6 7. h5 Bh7 8. Nf3 Nd7 9. Bd3 Bxd3 10. Qxd3 e6
11. O-O Qc7 12. Bd2 Ngf6 13. Rad1 Bd6 14. Ne4 O-O 15. Ne5 Nxe4 16. Nxd7 Nxd2 17. Nf6+ gxf6 18. Qxd2 Kh7 19. Rfe1 Rg8
0-1

[Event "Bent Larsen Memorial"]
[Site "SchemingMind.com"]
[Date "2010.11.27"]
[Round "-"]
[White "sidra"]
[Black "dadshane2000"]
[Result "1/2-1/2"]
[WhiteCountry "HUN"]
[BlackCountry "USA"]
[WhiteElo "1695"]
[WhiteRD "86"]
[BlackElo "1956"]
[BlackRD "85"]
[GameID "268098"]

1. d4 Nf6 2. c4 g6 3. e3 Bg7 4. f3 O-O 5. Nc3 d5 6. c5 c6 7. a3 Nbd7 8. b4 Re8 9. Bd3 e5 10. Nge2 e4
11. fxe4 dxe4 12. Bc2 b6 13. O-O bxc5 14. bxc5 Ba6 15. Re1 Qc7 16. Ng3 Rad8 17. Ncxe4 Nxe4 18. Nxe4 f5 19. Nc3 Nxc5 20. Bd2 Ne4
21. Nxe4 fxe4 22. Qg4 Bc8 23. Qd1 c5 24. Bc3 Kh8 25. Qb1 cxd4 26. Bxd4 Bxd4 27. exd4 Qg7 28. Bxe4 Qxd4+ 29. Kh1 Ba6 30. h3 Re6
31. Bf3 Rb6 32. Qc1 Qg7 33. Re3 Rbd6 34. Qe1 Rf8 35. Re7 Qd4 36. Rd1 Qf6 37. Rxd6 Qxd6 38. Rxa7 Qf6 39. Re7 Bc4 40. a4 Rf7
41. Re8+ Kg7 42. a5 Qa6 43. Qe5+ Kh6 44. Qe3+ Kg7 45. Re5 Bb5 46. Qc3 Kh6 47. Qd2+ Kg7 48. Qc3 Kh6 49. Qb4 Bd3 50. Qd2+ Kg7
51. Re3 Bb5 52. Qc3+ Kh6 53. Qd2 Kg7 54. Qc3+ Kh6=
1/2-1/2

[Event "Bent Larsen Memorial"]
[Site "SchemingMind.com"]
[Date "2010.11.27"]
[Round "-"]
[White "dadshane2000"]
[Black "sidra"]
[Result "1-0"]
[WhiteCountry "USA"]
[BlackCountry "HUN"]
[WhiteElo "1956"]
[WhiteRD "85"]
[BlackElo "1695"]
[BlackRD "86"]
[GameID "268101"]

1. e4 e5 2. Nf3 d6 3. d4 exd4 4. Nxd4 a6 5. Nc3 c5 6. Nb3 Nc6 7. Bf4 h6 8. Qd2 Nf6 9. a4 Be7 10. Be2 O-O
11. O-O Re8 12. Rad1 Ne5 13. Bxe5 dxe5 14. Qxd8 Bxd8 15. Nxc5 Bb6 16. Nb3 Bg4 17. Bxg4 Nxg4 18. Nd5 Bxf2+ 19. Rxf2 Nxf2 20. Kxf2 Rac8
21. Rd2 f6 22. Nb6 Rc6 23. a5 Kh7 24. c3 Rc7 25. Rd7 Rxd7 26. Nxd7 Rc8 27. Nbc5 Rd8 28. b4 Kg8 29. Ke2 Kf7 30. Nb6 Rb8
31. Nd5 h5 32. h4 Ke8 33. Kf3 Kf7 34. g4 hxg4+ 35. Kxg4 Kg6 36. h5+ Kh6 37. Nd3 Rc8 38. Nb2 Rd8 39. c4 Rd7 40. c5 Rf7
41. Nc4 Rd7 42. Nd6 Kh7 43. Kf5 Rd8 44. Nxb7 Re8 45. c6 Kh6 46. c7 Kxh5 47. Nd6 g6+ 48. Kxf6 Rf8+ 49. Kxe5 g5 50. c8=Q Rxc8
51. Nxc8 g4 52. Nf6+ Kg5 53. Nxg4 Kxg4 54. Kf6 Kf4 55. e5 Ke4 56. e6 Kd4 57. e7 Kc4 58. e8=Q Kxb4 59. Qe5 Ka4 60. Qc3 Kb5
61. Ke5 Ka4 62. Kd5 Kb5 63. Nd6+ Ka4 64. Nc4 Kb5 65. Qb3#
1-0

[Event "Bent Larsen Memorial"]
[Site "SchemingMind.com"]
[Date "2010.12.08"]
[Round "-"]
[White "Raimondi"]
[Black "Ilang"]
[Result "0-1"]
[WhiteCountry "PER"]
[BlackCountry "HUN"]
[WhiteElo "1659"]
[WhiteRD "87"]
[BlackElo "2374"]
[BlackRD "112"]
[GameID "269304"]

1. e4 c6 2. d4 d5 3. Nc3 dxe4 4. Nxe4 Nd7 5. Bd3 Ngf6 6. Ng5 e6 7. N1f3 h6 8. Nxe6 fxe6 9. Bg6+ Ke7 10. O-O Qc7
11. c4 Kd8 12. Ne5 Nxe5 13. dxe5+ Nd7 14. f4 Qa5 15. a3 Qc5+ 16. Kh1 Qxc4 17. f5 Qd5 18. Qg4 Nxe5 19. Qg3 Nxg6 20. Qxg6 e5
21. Bf4 Bc5 22. Rad1 Bd4 23. Be3 Rg8 24. Bf2 Bd7 25. Bg3 Kc7 26. Rf3 c5 27. b4 Ba4 28. Re1 c4 29. Rff1 b6 30. Qh5 c3
31. Qe2 Bb5
0-1

[Event "Bent Larsen Memorial"]
[Site "SchemingMind.com"]
[Date "2010.12.08"]
[Round "-"]
[White "Ilang"]
[Black "Raimondi"]
[Result "1-0"]
[WhiteCountry "HUN"]
[BlackCountry "PER"]
[WhiteElo "2374"]
[WhiteRD "112"]
[BlackElo "1659"]
[BlackRD "87"]
[GameID "269309"]

1. e4 e5 2. Nf3 Nc6 3. Bb5 a6 4. Ba4 Nf6 5. O-O Be7 6. Re1 b5 7. Bb3 d6 8. c3 O-O 9. h3 Na5 10. Bc2 c5
11. d4 Qc7 12. d5 Qd8 13. b3 Bd7 14. Be3 Rc8 15. Nbd2 c4 16. b4 Nb7 17. a4 Qc7 18. Qe2 h6 19. axb5 axb5 20. Ra7 Ra8
21. Rea1 Rxa7 22. Rxa7 Rb8 23. Qd1 Qc8 24. Qa1 Nd8 25. Ne1 Nh7 26. f4 f6 27. f5 Rb7 28. Ra8 Rb8 29. Ra5 Ng5 30. h4 Nh7
31. Bd1 Nb7 32. Ra2 Be8 33. Ra7 g6 34. fxg6 Bxg6 35. Bxh6 f5 36. Qa6 Bxh4 37. Nef3 Be7 38. Nxe5 Be8 39. Nc6
1-0

[Event "Bent Larsen Memorial"]
[Site "SchemingMind.com"]
[Date "2010.12.15"]
[Round "-"]
[White "Ryan"]
[Black "cdevos"]
[Result "1-0"]
[WhiteCountry "NED"]
[BlackCountry "NED"]
[WhiteElo "2178"]
[WhiteRD "130"]
[BlackElo "1788"]
[BlackRD "75"]
[GameID "269592"]

1. b3 d5 2. Bb2 Nc6 3. f4 Bf5 4. Nf3 e6 5. e3 Nb4 6. Nd4 Qf6 7. Nc3 Nh6 8. a3 c5 9. axb4 cxd4 10. Nb5 Rc8
11. Nxa7 Rxc2 12. Bxd4 e5 13. Bxe5 Qb6 14. Rc1
1-0

[Event "Bent Larsen Memorial"]
[Site "SchemingMind.com"]
[Date "2010.12.15"]
[Round "-"]
[White "cdevos"]
[Black "Ryan"]
[Result "0-1"]
[WhiteCountry "NED"]
[BlackCountry "NED"]
[WhiteElo "1788"]
[WhiteRD "75"]
[BlackElo "2178"]
[BlackRD "130"]
[GameID "269598"]

1. d4 Nf6 2. e3 d5 3. Bd3 c5 4. b3 Nc6 5. Bd2 cxd4 6. Ne2 dxe3 7. Bxe3 e5 8. c3 Bd6 9. Ng3 O-O 10. Nd2 e4
11. Be2 Ne5 12. f4 Neg4 13. Bxg4 Nxg4 14. Bd4 e3
0-1

[Event "Bent Larsen Memorial"]
[Site "SchemingMind.com"]
[Date "2010.12.16"]
[Round "-"]
[White "mi_di"]
[Black "Stephen"]
[Result "1/2-1/2"]
[WhiteCountry "MEX"]
[BlackCountry "ENG"]
[WhiteElo "2250"]
[WhiteRD "83"]
[BlackElo "2110"]
[BlackRD "138"]
[GameID "269686"]

1. b3 d5 2. Bb2 Bf5 3. e3 e6 4. f4 Nf6 5. Nf3 Nbd7 6. Be2 Be7 7. O-O O-O 8. d3 h6 9. Nd4 Bh7 10. Nc3 c5
11. Nf3 Rc8 12. a4 a6 13. Qd2 Qc7 14. a5 Rfd8 15. Nd1 c4 16. Rc1 cxd3 17. cxd3 Qb8 18. Nf2 Bd6 19. b4 Rxc1 20. Rxc1 Rc8
21. Be5 Rxc1+ 22. Qxc1 Ne8 23. Bxd6 Nxd6 24. g3 Qc8 25. Qb2 Nb5 26. Bd1 Qc3=
1/2-1/2

[Event "Bent Larsen Memorial"]
[Site "SchemingMind.com"]
[Date "2010.12.16"]
[Round "-"]
[White "C. H. O'D. Schlechter"]
[Black "Derek"]
[Result "1-0"]
[WhiteCountry "USA"]
[BlackCountry "ENG"]
[WhiteElo "2409"]
[WhiteRD "91"]
[BlackElo "1618"]
[BlackRD "89"]
[GameID "269688"]

1. e4 e6 2. d4 d5 3. Nc3 b6 4. Nf3 Nc6 5. Bb5 Ne7 6. Bg5 Bb7 7. Ne5 f6 8. Bxf6 Qd6 9. Qh5+ g6 10. Qf3 Rg8
11. Bxe7
1-0

[Event "Bent Larsen Memorial"]
[Site "SchemingMind.com"]
[Date "2010.12.16"]
[Round "-"]
[White "Stephen"]
[Black "mi_di"]
[Result "1/2-1/2"]
[WhiteCountry "ENG"]
[BlackCountry "MEX"]
[WhiteElo "2110"]
[WhiteRD "138"]
[BlackElo "2250"]
[BlackRD "83"]
[GameID "269690"]

1. d4 d5 2. Nf3 Nf6 3. c4 c6 4. Nc3 a6 5. cxd5 cxd5 6. Bf4 Nc6 7. e3 Bg4 8. Be2 e6 9. O-O Bd6 10. Bxd6 Qxd6
11. Rc1 O-O 12. a3 b5 13. b4 Rfc8 14. h3 Bh5 15. Nd2 Bxe2 16. Qxe2 Nd7 17. Nb3 Nb6 18. Nc5 Nc4 19. Ra1 f5 20. Rfb1 f4
21. a4 fxe3 22. fxe3 e5 23. axb5 axb5 24. Nxb5 Rxa1 25. Rxa1 Qf6 26. Nd7 Qg5 27. Nxe5= N6xe5 28. dxe5 Qxe5 29. Re1 Re8 30. Nd4 Qxe3+
31. Qxe3 Rxe3 32. Rxe3 Nxe3 33. Kf2 Nc4 34. Ke2 Kf7 35. Kd3 Nb2+ 36. Ke3 Nc4+ 37. Kd3 Nb2+ 38. Ke3 Nc4+ 39. Kd3=
1/2-1/2

[Event "Bent Larsen Memorial"]
[Site "SchemingMind.com"]
[Date "2010.12.16"]
[Round "-"]
[White "Derek"]
[Black "C. H. O'D. Schlechter"]
[Result "0-1"]
[WhiteCountry "ENG"]
[BlackCountry "USA"]
[WhiteElo "1633"]
[WhiteRD "89"]
[BlackElo "2442"]
[BlackRD "91"]
[GameID "269692"]

1. d4 Nf6 2. Bg5 e6 3. e4 h6 4. Bxf6 Qxf6 5. Nf3 d6 6. Nc3 Nd7 7. Bd3 c6 8. Qd2 e5 9. O-O-O Be7 10. d5 Nc5
11. h3 O-O 12. Kb1 a5 13. Rhg1 Bd7 14. a4 Rac8 15. Rdf1 Qg6 16. Re1 Bd8 17. b3 cxd5 18. Nxd5 Bc6 19. Nc3 Bb6 20. Re2 Rfd8
21. Nh4 Qf6 22. Nf5= d5 23. exd5 Bxd5 24. Nxd5 Rxd5 25. g4 e4
0-1

[Event "Bent Larsen Memorial"]
[Site "SchemingMind.com"]
[Date "2011.01.16"]
[Round "-"]
[White "Ilang"]
[Black "baron1"]
[Result "1/2-1/2"]
[WhiteCountry "HUN"]
[BlackCountry "ENG"]
[WhiteElo "2405"]
[WhiteRD "107"]
[BlackElo "2418"]
[BlackRD "88"]
[GameID "273327"]

1. e4 c6 2. d4 d5 3. Nc3 dxe4 4. Nxe4 Nd7 5. Nf3 Ngf6 6. Nc3 e6 7. Bd3 Be7 8. O-O c5 9. Re1 O-O 10. Bf1 cxd4
11. Qxd4 a6 12. a4 b6 13. Rd1 Bb7 14. Ne5 Bc5 15. Qf4 Nd5 16. Nxd5 Nxe5 17. Qxe5 exd5 18. Bg5 Qd7 19. Qg3 Rfe8 20. Bd3 g6
21. Bf4 d4 22. f3 Bc6 23. a5 bxa5 24. Qg5 Bb6 25. Kh1 a4 26. Re1 Bb5 27. Qf6 Re6 28. Rxe6 Qxe6 29. Qxe6 fxe6 30. g3 Rc8
31. Be5 Kf7 32. Kg2 h5 33. f4 Bxd3 34. cxd3 Rc2+ 35. Kf3 Rxh2 36. Rxa4 Rxb2 37. Rxa6 Ke7 38. Ke4 Rb1 39. Kf3 Rb3 40. Ke4 Rb2
41. Bxd4 Bxd4 42. Kxd4 Rg2 43. Ke5 Re2+=
1/2-1/2

[Event "Bent Larsen Memorial"]
[Site "SchemingMind.com"]
[Date "2011.01.16"]
[Round "-"]
[White "baron1"]
[Black "Ilang"]
[Result "1/2-1/2"]
[WhiteCountry "ENG"]
[BlackCountry "HUN"]
[WhiteElo "2418"]
[WhiteRD "88"]
[BlackElo "2405"]
[BlackRD "107"]
[GameID "273329"]

1. c4 e5 2. Nc3 Nf6 3. Nf3 Nc6 4. g3 d5 5. cxd5 Nxd5 6. Bg2 Nb6 7. O-O Be7 8. d3 O-O 9. Be3 Be6 10. Qc1 f6
11. Ne4 Qd7 12. Bc5 Rab8 13. a3 Bd5 14. Bxe7 Qxe7 15. Nc5 Rfd8 16. e3 Qd6 17. Nd2 Bxg2 18. Kxg2 Qd5+ 19. e4 Qd6 20. Qc3 Nd4
21. Rfd1 Nd7 22. Ncb3 Ne6 23. Nc4 Qc6 24. Nba5 Qa4 25. b3 Qb5 26. a4 Qc5 27. b4 Qd4 28. Qa3 Nb6 29. Nb3 Qd7 30. Ne3 Nc8
31. d4 Ng5 32. Nf5 Nd6 33. dxe5 fxe5 34. Nc5 Qf7 35. Qe3 Ngxe4 36. Nh6+ gxh6 37. Nxe4 Rd7 38. Qxa7 Rf8 39. Qe3 Qc4 40. Nxd6 cxd6
41. b5 Rdf7 42. Rd2 Rf6 43. Kg1 Qb4 44. Qd3 Kg7 45. Qd5 Rxf2 46. Rxf2 Rxf2 47. Kxf2 Qb2+ 48. Kf3 Qxa1 49. Qxb7+ Kf6 50. Qc6 Qd1+
51. Ke3=
1/2-1/2

[Event "Bent Larsen Memorial"]
[Site "SchemingMind.com"]
[Date "2011.02.03"]
[Round "-"]
[White "highway61"]
[Black "joopsim"]
[Result "0-1"]
[WhiteCountry "USA"]
[BlackCountry "NED"]
[WhiteElo "1699"]
[WhiteRD "101"]
[BlackElo "2360"]
[BlackRD "76"]
[GameID "274589"]

1. d4 d5 2. c4 c6 3. Nf3 Nf6 4. Nc3 e6 5. e3 Nbd7 6. Qc2 Bd6 7. Bd3 O-O 8. O-O dxc4 9. Bxc4 a6 10. e4 e5
11. d5 Nb6 12. b3 cxd5 13. exd5 Bg4 14. Qe2 Re8 15. Re1 e4 16. Nxe4 Rxe4 17. Qc2 Bxf3 18. Be3 Rg4 19. g3 Nxc4 20. bxc4 Ne4
21. Rab1 Qh4 22. Qe2 Qxh2+ 23. Kxh2 Rh4+ 24. Kg1 Rh1#
0-1

[Event "Bent Larsen Memorial"]
[Site "SchemingMind.com"]
[Date "2011.02.03"]
[Round "-"]
[White "joopsim"]
[Black "highway61"]
[Result "1-0"]
[WhiteCountry "NED"]
[BlackCountry "USA"]
[WhiteElo "2360"]
[WhiteRD "76"]
[BlackElo "1699"]
[BlackRD "101"]
[GameID "274595"]

1. e4 d6 2. d4 Nf6 3. Nc3 g6 4. Bg5 Bg7 5. Qd2 h6 6. Bh4 g5 7. Bg3 Nh5 8. O-O-O Nc6 9. Qe3 e5 10. dxe5 Nxe5
11. Bxe5 Bxe5 12. Kb1 Be6 13. Nf3 Bf4 14. Qe2 f6 15. g3 Be5 16. Nxe5 Nxg3 17. Qb5+ Bd7 18. Nxd7 Qxd7 19. Qxb7 O-O 20. hxg3 Kg7
21. Nd5 Qc8 22. Qxc7+ Rf7 23. Qxd6 Qg4 24. Ne3 Qxe4 25. Bd3 Qb7 26. Nf5+ Kh7 27. Rxh6+ Kg8 28. Bc4 Qf3 29. Qd8+ Rxd8 30. Rxd8#
1-0

[Event "Bent Larsen Memorial"]
[Site "SchemingMind.com"]
[Date "2011.02.23"]
[Round "-"]
[White "joopsim"]
[Black "Ryan"]
[Result "1-0"]
[WhiteCountry "NED"]
[BlackCountry "NED"]
[WhiteElo "2375"]
[WhiteRD "74"]
[BlackElo "2136"]
[BlackRD "123"]
[GameID "276646"]

1. e4 c5 2. Nf3 Nc6 3. d4 cxd4 4. Nxd4 Nf6 5. Nc3 e5 6. Ndb5 d6 7. Bg5 a6 8. Na3 b5 9. Bxf6 gxf6 10. Nd5 Bg7
11. c3 f5 12. g3 Bb7 13. exf5 Ne7 14. Bg2 Nxd5 15. Bxd5 Bxd5 16. Qxd5 Bf6 17. O-O-O Be7 18. Qc6+ Kf8 19. f6
1-0

[Event "Bent Larsen Memorial"]
[Site "SchemingMind.com"]
[Date "2011.02.23"]
[Round "-"]
[White "Ryan"]
[Black "joopsim"]
[Result "0-1"]
[WhiteCountry "NED"]
[BlackCountry "NED"]
[WhiteElo "2136"]
[WhiteRD "123"]
[BlackElo "2375"]
[BlackRD "74"]
[GameID "276654"]

1. e4 e5 2. Nf3 Nc6 3. Bb5 a6 4. Ba4 Nf6 5. O-O Be7 6. Re1 b5 7. Bb3 O-O 8. a4 b4 9. d3 d6 10. Nbd2 Rb8
11. Nc4 Bg4 12. Be3 Nd7 13. h3 Bxf3 14. Qxf3 Bg5 15. Qg3 Bxe3 16. Nxe3 Na5 17. Nf5 g6 18. Nh6+ Kg7 19. Nf5+ Kh8
0-1

[Event "Bent Larsen Memorial"]
[Site "SchemingMind.com"]
[Date "2011.03.16"]
[Round "-"]
[White "C. H. O'D. Schlechter"]
[Black "Valverde"]
[Result "1-0"]
[WhiteCountry "USA"]
[BlackCountry "ESP"]
[WhiteElo "2404"]
[WhiteRD "86"]
[BlackElo "2275"]
[BlackRD "94"]
[GameID "278169"]

1. c4 Nf6 2. g3 g6 3. Bg2 Bg7 4. Nc3 O-O 5. e4 d6 6. Nge2 c5 7. O-O Nc6 8. d3 Rb8 9. h3 a6 10. a4 Ne8
11. Be3 Nc7 12. d4 cxd4 13. Nxd4 Ne6 14. Nde2 Na5 15. b3 Bd7 16. Ra2 b5 17. cxb5 axb5 18. b4 Nc4 19. Ba7 bxa4 20. Bxb8 Qxb8
21. Nxa4 Qxb4 22. Qb1 Rb8 23. Nac3 Qxb1 24. Rxb1 Rxb1+ 25. Nxb1 h5 26. h4 Nc5 27. Nf4 e6 28. Nd2 Ne5 29. Ra8+ Kh7 30. Ne2 Bf6
31. Nd4 Kg7 32. N4b3 Bc6 33. Ra7 Nxb3 34. Nxb3 Be8 35. Ra6 Be7 36. Bf1 Nf3+ 37. Kh1 Ne1 38. Nd4 Bf6 39. Nb5 Bxb5 40. Bxb5 Bd4
41. f4 Bf2 42. Ra3 Bd4 43. Ra2 Bc5 44. Be2 Be3 45. Kh2 d5 46. exd5 exd5 47. Rb2 d4 48. Bc4 f5 49. Rb7+ Kh8 50. Bf7
1-0

[Event "Bent Larsen Memorial"]
[Site "SchemingMind.com"]
[Date "2011.03.16"]
[Round "-"]
[White "Valverde"]
[Black "C. H. O'D. Schlechter"]
[Result "1/2-1/2"]
[WhiteCountry "ESP"]
[BlackCountry "USA"]
[WhiteElo "2316"]
[WhiteRD "95"]
[BlackElo "2407"]
[BlackRD "91"]
[GameID "278172"]

1. e4 e5 2. Nf3 Nc6 3. Bc4 Bc5 4. d3 Nf6 5. c3 d6 6. b4 Bb6 7. a4 a6 8. Nbd2 O-O 9. O-O Ne7 10. Bb3 Ng6
11. Nc4 Ba7 12. Be3 h6 13. Bxa7 Rxa7 14. Ne3 Be6 15. g3 Bh3 16. Re1 a5 17. Qe2 axb4 18. cxb4 c5 19. b5 b6 20. Nd2 Be6
21. Reb1 Rb7 22. a5 bxa5 23. Bxe6 fxe6 24. Nec4 Qb8 25. Rxa5 d5 26. Ne3 Qd8 27. Ra6 Qd7 28. b6 Qd6 29. Ng4 Nd7 30. Nf3 Rfb8
31. h4 h5 32. Ne3 Ngf8 33. Ng5 Nf6 34. Qa2 Qc6 35. Ra7 Rxb6 36. Rxb6 Rxb6 37. exd5 Nxd5 38. Nxe6 Nxe3 39. Nxf8+ c4 40. fxe3 Qf3
41. Ra8 Qxg3+ 42. Kh1 Qxh4+ 43. Kg2=
1/2-1/2

[Event "Bent Larsen Memorial"]
[Site "SchemingMind.com"]
[Date "2011.04.16"]
[Round "-"]
[White "Stephen"]
[Black "dadshane2000"]
[Result "1/2-1/2"]
[WhiteCountry "ENG"]
[BlackCountry "USA"]
[WhiteElo "2069"]
[WhiteRD "133"]
[BlackElo "1945"]
[BlackRD "82"]
[GameID "281253"]

1. d4 Nf6 2. Nf3 g6 3. c4 Bg7 4. Nc3 d5 5. g3 dxc4 6. Qa4+ Nfd7 7. Qxc4 O-O 8. Bg2 Nb6 9. Qd3 Nc6 10. Be3 Bf5
11. Qd1 Qd7 12. O-O Rad8 13. Qc1 Bh3 14. Rd1 Bxg2 15. Kxg2 Nd5 16. Bh6 Nxc3 17. bxc3 Qd5 18. Bxg7 Kxg7 19. c4 Qe4 20. Qb2 Na5
21. d5+ Kg8 22. Rd4 Qf5 23. Rad1 Qf6 24. Qa3 b6 25. Qe3 Nb7 26. Ne5=
1/2-1/2

[Event "Bent Larsen Memorial"]
[Site "SchemingMind.com"]
[Date "2011.04.16"]
[Round "-"]
[White "dadshane2000"]
[Black "Stephen"]
[Result "1/2-1/2"]
[WhiteCountry "USA"]
[BlackCountry "ENG"]
[WhiteElo "1945"]
[WhiteRD "82"]
[BlackElo "2069"]
[BlackRD "133"]
[GameID "281255"]

1. e4 d5 2. exd5 Qxd5 3. Nc3 Qa5 4. d4 c6 5. Nf3 Bf5 6. Bc4 e6 7. Bd2 Nd7 8. Qe2 Bb4 9. a3 Ngf6 10. O-O-O Bxc3
11. Bxc3 Qc7 12. Ne5 Nxe5 13. dxe5 Nd5 14. Bd2 h6 15. h4 O-O-O 16. g4 Bh7 17. h5 Rd7 18. g5 hxg5 19. Bxg5 Bf5 20. h6 gxh6
21. Rxh6 Rxh6 22. Bxh6 Qd8 23. Bxd5 cxd5 24. f4 Rc7 25. Rd2 Qh4 26. Bg5 Qh1+ 27. Qd1 Qh7=
1/2-1/2

[Event "Bent Larsen Memorial"]
[Site "SchemingMind.com"]
[Date "2011.06.23"]
[Round "-"]
[White "dadshane2000"]
[Black "Ilang"]
[Result "0-1"]
[WhiteCountry "USA"]
[BlackCountry "HUN"]
[WhiteElo "1988"]
[WhiteRD "82"]
[BlackElo "2432"]
[BlackRD "88"]
[GameID "287066"]

1. Nf3 Nf6 2. c4 c6 3. d4 e6 4. Nc3 d5 5. e3 Nbd7 6. Bd3 dxc4 7. Bxc4 b5 8. Bd3 Bb7 9. O-O a6 10. e4 c5
11. d5 Qc7 12. dxe6 fxe6 13. Bc2 Bd6 14. Ng5 Nf8 15. f4 O-O-O 16. Qe2 h6 17. Nf3 Bxf4 18. e5 Bxf3 19. Qxf3 Bxe5 20. Qa8+ Kd7
21. Qxa6 b4 22. Ne4 Ke7 23. Be3 Nxe4 24. Bxe4 Nd7 25. Bc6 Nb8 26. Bxc5+ Bd6 27. Bxd6+ Rxd6 28. Qb7 Rxc6 29. Qxb4+ Ke8 30. Qa4 Rf8
31. Rfe1 Nd7
0-1

[Event "Bent Larsen Memorial"]
[Site "SchemingMind.com"]
[Date "2011.06.23"]
[Round "-"]
[White "Ilang"]
[Black "dadshane2000"]
[Result "1-0"]
[WhiteCountry "HUN"]
[BlackCountry "USA"]
[WhiteElo "2432"]
[WhiteRD "88"]
[BlackElo "1988"]
[BlackRD "82"]
[GameID "287070"]

1. e4 c5 2. Nf3 d6 3. d4 cxd4 4. Nxd4 Nf6 5. Nc3 a6 6. Be3 e6 7. f3 b5 8. Qd2 b4 9. Na4 Nbd7 10. O-O-O Qa5
11. b3 Bb7 12. a3 Qc7 13. axb4 d5 14. Kb1 dxe4 15. b5 Be7 16. b6 Qd8 17. Bc4 Nd5 18. fxe4 Nxe3 19. Qxe3 Bg5 20. Qh3 Qe7
21. Bxe6 fxe6 22. Nxe6
1-0

[Event "Bent Larsen Memorial"]
[Site "SchemingMind.com"]
[Date "2011.09.18"]
[Round "-"]
[White "joopsim"]
[Black "C. H. O'D. Schlechter"]
[Result "1-0"]
[WhiteCountry "NED"]
[BlackCountry "USA"]
[WhiteElo "2461"]
[WhiteRD "102"]
[BlackElo "2391"]
[BlackRD "89"]
[GameID "292880"]

1. e4 c6 2. d4 d5 3. e5 Bf5 4. Nf3 e6 5. Be2 c5 6. Be3 cxd4 7. Nxd4 Ne7 8. c4 Nbc6 9. Qa4 a6 10. Na3 Qa5+
11. Qxa5 Nxa5 12. O-O dxc4 13. Nxc4 Nxc4 14. Bxc4 Be4 15. Rac1 Bd5 16. Be2 Rc8 17. Rxc8+ Nxc8 18. f4 Ne7 19. Rc1 g5 20. fxg5 Bg7
21. Nf3 Bxa2 22. b4 O-O 23. Bc5 Re8 24. Bxe7 Rxe7 25. Rc8+ Bf8 26. h4 Rd7 27. Nh2 Kg7 28. Ng4 Rd4 29. h5 Be7 30. h6+ Kg6
31. Rg8+ Kf5 32. Rg7 Bxb4 33. Rxf7+ Kxg5 34. Rg7+ Kf4 35. Rxh7 Rd8 36. Rf7+ Ke4 37. h7 Rh8 38. Nf2+ Kd4 39. g4 Bd2 40. Bd3 Be3
41. g5 Bxg5 42. Rg7 Be3 43. Rg8 Rxh7 44. Bxh7 Kxe5 45. Kf1
1-0

[Event "Bent Larsen Memorial"]
[Site "SchemingMind.com"]
[Date "2011.09.18"]
[Round "-"]
[White "C. H. O'D. Schlechter"]
[Black "joopsim"]
[Result "0-1"]
[WhiteCountry "USA"]
[BlackCountry "NED"]
[WhiteElo "2392"]
[WhiteRD "93"]
[BlackElo "2419"]
[BlackRD "110"]
[GameID "292886"]

1. Nf3 d5 2. c4 c6 3. g3 Nf6 4. Bg2 dxc4 5. O-O Nbd7 6. Qc2 Nb6 7. a4 a5 8. Na3 Be6 9. Ng5 Bg4 10. Nxc4 Bxe2
11. Ne5 Bh5 12. b4 Nbd7 13. Bb2 Nxe5 14. Bxe5 Nd7 15. Bb2 axb4 16. Rfe1 Qa5 17. Nh3 Bg6 18. Qc4 e5 19. Bxe5 Nxe5 20. d4 O-O-O
21. dxe5 Qc5 22. Qg4+ Kb8 23. Rac1 Qb6 24. Nf4 Bc5 25. Re2 Rhf8
0-1

[Event "Bent Larsen Memorial"]
[Site "SchemingMind.com"]
[Date "2011.12.15"]
[Round "-"]
[White "Ilang"]
[Black "joopsim"]
[Result "1/2-1/2"]
[WhiteCountry "HUN"]
[BlackCountry "NED"]
[WhiteElo "2350"]
[WhiteRD "76"]
[BlackElo "2461"]
[BlackRD "102"]
[GameID "299183"]

1. e4 e5 2. Nf3 Nc6 3. Bb5 a6 4. Ba4 Nf6 5. O-O Be7 6. Re1 b5 7. Bb3 O-O 8. c3 d5 9. exd5 Nxd5 10. Nxe5 Nxe5
11. Rxe5 c6 12. d4 Bd6 13. Re1 Qh4 14. g3 Qh3 15. Be3 Bg4 16. Qd3 Rae8 17. Nd2 Re6 18. a4 bxa4 19. Rxa4 f5 20. Qf1 Qh5
21. f4 Rfe8 22. Qf2 g5 23. fxg5 f4 24. gxf4 Bh3 25. Nc4 Bxf4 26. Ne5 Bxe3 27. Rxe3 Nxe3 28. Qxe3 Rb8 29. Bxe6+ Bxe6 30. Qf3 Qh4
31. Ra1 Rxb2 32. Qg3 Qe4 33. Nd3 Bd5 34. Nxb2 Qh1+ 35. Kf2 Qxa1 36. Qb8+ Kg7 37. Qe5+ Kg8 38. Qb8+=
1/2-1/2

[Event "Bent Larsen Memorial"]
[Site "SchemingMind.com"]
[Date "2011.12.15"]
[Round "-"]
[White "joopsim"]
[Black "Ilang"]
[Result "1-0"]
[WhiteCountry "NED"]
[BlackCountry "HUN"]
[WhiteElo "2461"]
[WhiteRD "102"]
[BlackElo "2350"]
[BlackRD "76"]
[GameID "299186"]

1. e4 c6 2. d4 d5 3. e5 c5 4. dxc5 e6 5. Be3 Ne7 6. c3 Nf5 7. Bd4 Bd7 8. Nf3 Nc6 9. a3 f6 10. Bb5 Nxe5
11. Bxd7+ Nxd7 12. b4 Be7 13. O-O e5 14. Be3 Nf8 15. Ra2 Qd7 16. Rd2 Rd8 17. Qc2 Ng6 18. Rfd1 Qe6 19. Qa4+ Kf7 20. Qxa7 Qc6
21. Qb6 Qxb6 22. cxb6 Ke6 23. Ne1 Rd7 24. Nc2 Ra8 25. g3 Bd8 26. Bc5 Be7 27. c4 d4= 28. Bxe7 Ngxe7 29. Rd3 Nd6 30. Nd2 Rc8
31. c5 Nb5 32. a4 Nc3 33. Re1 Nxa4 34. f4 Nf5 35. fxe5 fxe5 36. Nc4 Rd5 37. g4 Nh4 38. Kh1
1-0